| 000 | 01225nmc a2200409 a 4500 | ||
|---|---|---|---|
| 003 | AR-BaBNM | ||
| 005 | 20251128211145.0 | ||
| 008 | 043020s2000 ||||||||||||||000 | spa|| | ||
| 020 | _a987-9334-79-5 | ||
| 040 | _cAR-BaBNM | ||
| 100 | 1 | _aSiri, Laura | |
| 245 | 1 | 0 |
_aInternet _bbúsquedas y buscadores |
| 260 |
_aBuenos Aires _bGrupo Editorial Norma _c2000 |
||
| 300 | 0 |
_a121 p. _btablas |
|
| 490 | 0 |
_aEnciclopedia Latinoamericana de Sociocultura y Comunicación _vv. 2 |
|
| 504 | _aContiene referencias bibliográficas en p.115 | ||
| 650 | 4 | _aTECNOLOGIA DE LA INFORMACION | |
| 650 | 4 | _aSOCIOLOGIA CULTURAL | |
| 650 | 4 | _aTECNOLOGIA DE LAS COMUNICACIONES | |
| 650 | 4 | _aCOMUNICACION DE MASAS | |
| 650 | 4 | _aIDENTIDAD CULTURAL | |
| 650 | 4 | _aPOLITICA DE LA COMUNICACION | |
| 650 | 4 | _aINFORMATICA | |
| 650 | 4 | _aDESIGUALDAD CULTURAL | |
| 650 | 4 | _aRELACIONES CULTURALES | |
| 650 | 4 | _aMEDIOS DE COMUNICACION DE MASAS | |
| 650 | 4 | _aCONTROL SOCIAL | |
| 650 | 4 | _aCONTROL TERMINOLOGICO | |
| 650 | 4 | _aSOCIEDADES POSTINDUSTRIALES | |
| 650 | 4 | _aDISCIPLINA | |
| 650 | 4 | _aCATALOGACION | |
| 653 | 0 | _aNUEVAS TECNOLOGIAS | |
| 653 | 0 | _aINTERNET | |
| 800 | 1 | _aFord, Aníbal | |
| 942 | _cBK | ||
| 998 | _cEugenia | ||
| 999 |
_c18499 _d18499 |
||